Exercices de statistique pour biologistes
Αποθηκεύτηκε σε:
| Μορφή: | Βιβλίο |
|---|---|
| Γλώσσα: | French |
| Δημοσίευση: |
Paris :
Editions medicales Flammarion,
1966.
|
| Θέματα: | |
| Ετικέτες: |
Προσθήκη ετικέτας
Δεν υπάρχουν, Καταχωρήστε ετικέτα πρώτοι!
|
MARC
| LEADER | 00000cam a2200000 a 4500 | ||
|---|---|---|---|
| 001 | 1/117641 | ||
| 008 | 181130t1966####fr | ||| |||| ||fre|| | ||
| 040 | |a GR-MyUa |b gre |c GR-MyUa |e AACR2 | ||
| 041 | 0 | |a fre | |
| 082 | 7 | |a 570.15195 |2 (23) | |
| 245 | 1 | 0 | |a Exercices de statistique pour biologistes / |c [par] Jean-Marie Legay [et al.]. |
| 260 | |a Paris : |b Editions medicales Flammarion, |c 1966. | ||
| 300 | |a 309 σ. ; |c 20 εκ. | ||
| 650 | 0 | |a Biometry |x Problems, exercises, etc. | |
| 650 | 0 | |a Mathematical statistics |v Problems, exercises, etc. | |
| 852 | |a INST |b SAMOS |e 20181130 |h 570.15195 EXE |p 005300045694 |q 005300045694 |t BK |y 0 | ||
| 970 | |a Γουβάλα |b Βάσω |z 30-11-2018 | ||